Cliquez sur les pays de ces clubs européens à l'aide de leur logo - Statistiques

Statistiques générales
  • Ce quiz a été pris 85 fois
    30 depuis la dernière actualisation
  • Le résultat moyen est 16 sur 20
Réponses sur la Carte
Les réponses sont colorées sur une échelle allant du rouge au vert en fonction du pourcentage des utilisateurs qui les ont devinées à leur premier essai. Vous pouvez retrouver ces pourcentages ci-dessous.
 
Statistiques - réponses
Réponse % Correct
96%
96%
92%
85%
85%
85%
85%
81%
81%
81%
77%
77%
77%
73%
73%
73%
69%
69%
65%
54%
Aucun quiz correspondant
Distribution des résultats
% des personnes avec chaque résultat
Percentile par nombre de réponses
Votre historique - résultats
Vous n’avez pas pris ce quiz depuis la dernière actualisation